000
00344pab a2200157 454500
008
180718b2000 xxu||||| |||| 00| 0 eng d
100
_a
Kotru, M.L.
245
_a
Congregational differences in Islam
260
_c
2000
300
_a
p.9
362
_a
10 Jun
650
_a
Islam
650
_a
Religion
773
_a
Pioneer
909
_a
46038
999
_c
46038
_d
46038